000
00276nam a22001217a 4500
003
OSt
005
20250702152733.0
008
250702b |||||||| |||| 00| 0 eng d
040
_a
DLC
_b
eng
_c
DLC
082
_a
261.8
_b
EZR
245
_a
Troubled but not Destroyed
942
_2
ddc
_c
BK
999
_c
4114
_d
4114